[Event "POL-chT U20 2nd League"]
[Site "Sypniewo"]
[Date "2020.??.??"]
[Round "8.31"]
[White "Kukula, Karol"]
[Black "Wojtasik, Szymon"]
[Result "1-0"]
[WhiteElo "1739"]
[BlackElo "1380"]
[PlyCount "59"]
[EventDate "2020.10.23"]
[EventType "team-swiss"]
[EventRounds "9"]
[EventCountry "POL"]
[SourceTitle "CBM 199 Extra"]
[Source "ChessBase"]
[SourceDate "2021.01.31"]
[SourceVersion "1"]
[SourceVersionDate "2021.01.31"]
[SourceQuality "1"]

1. e4 c5 2. Nf3 Nc6 3. Bb5 g6 4. 0-0 Bg7 5. c3 Nf6 6. Re1 0-0 7. d4 d5 8. exd5 Qxd5 9. c4 Qd6 10. dxc5 Qxc5 11. Be3 Qh5 12. Bxc6 bxc6 13. Bd4 Rd8 14. Nbd2 Bg4 15. Qc2 Rd7 16. Bc3 Qc5 17. Ne5 Rb7 18. Nb3 Qd6 19. c5 Qd5 20. Nxg4 Nxg4 21. Bxg7 Kxg7 22. Qc3+ Kg8 23. h3 Nf6 24. Rad1 Qf5 25. Nd4 Qf4 26. Nxc6 Qc7 27. Nxe7+ Kg7 28. Rd6 Re8 29. Qxf6+ Kh6 30. Nf5+ 1-0

[Event "POL-chT U20 2nd League"]
[Site "Sypniewo"]
[Date "2020.??.??"]
[Round "7.19"]
[White "Wojtasik, Szymon"]
[Black "Kolodziejski, Piotr"]
[Result "0-1"]
[WhiteElo "1380"]
[BlackElo "1905"]
[PlyCount "124"]
[EventDate "2020.10.23"]
[EventType "team-swiss"]
[EventRounds "9"]
[EventCountry "POL"]
[SourceTitle "CBM 199 Extra"]
[Source "ChessBase"]
[SourceDate "2021.01.31"]
[SourceVersion "1"]
[SourceVersionDate "2021.01.31"]
[SourceQuality "1"]

1. e4 c5 2. Nf3 e6 3. d4 cxd4 4. Nxd4 Nc6 5. Nc3 Qc7 6. Be3 a6 7. Be2 Nf6 8. 0-0 Be7 9. f4 d6 10. Bf3 Bd7 11. Kh1 0-0 12. g4 Nxd4 13. Qxd4 e5 14. Qd1 exf4 15. Bxf4 Bc6 16. Bg2 Rad8 17. g5 Nd7 18. Qd2 Nc5 19. Nd5 Bxd5 20. exd5 Rfe8 21. Rae1 Bf8 22. Qf2 Rxe1 23. Rxe1 a5 24. c3 Nd3 25. Qd2 Nxe1 26. Qxe1 Qd7 27. c4 Re8 28. Qd2 Qg4 29. Bf1 Re4 30. Bg3 Rd4 31. Qc3 Rd1 32. Kg2 Qxg5 33. Qxa5 Qe3 34. Qc3 Rd2+ 35. Kh1 Qxc3 36. bxc3 Rxa2 37. c5 dxc5 38. c4 f6 39. Bh3 Be7 40. Be6+ Kf8 41. Bc7 Rd2 42. Bc8 b6 43. Bd7 g6 44. Be6 Kg7 45. Bd7 f5 46. Be5+ Kf8 47. Kg1 Bd8 48. Kf1 Ke7 49. Bb5 g5 50. Ke1 Ra2 51. Kd1 h6 52. Bg7 Rxh2 53. Ke1 Bc7 54. Kf1 h5 55. Ba6 Kf7 56. Bc3 Rc2 57. Bh8 h4 58. Bc8 Kg6 59. Ba6 h3 60. d6 Bxd6 61. Bb7 h2 62. Bd5 Rc1+ 0-1